000 00616nam a2200181Ia 4500
001 8014
003 GE_BSU
008 181216s||||||||xx |||||||||||||| ||und||
040 _cGE_BSU
080 _a666.977
100 _aКолокольникова,В.С.
245 _aТехнология бетонных и железобетонных изделий.
245 _bУчебник.
245 _cРед.Н.Н.Попова.
300 _a391стр. с илл. 22см.библиогр.:стр.293.
653 _aТехнология бетонных и железобетонных изделий.
942 _cBK
999 _c41356
_d41356